000
00258nam a2200121Ia 4500
942
_c
BK
654
_a
calculus
245
_a
Differential Calculus
260
_b
Shyam lal charitable trust
_a
NewDelhi
_c
1985
082
_a
515.3
300
_a
328
546
_a
ENGLISH
999
_c
162
_d
162